00570nam a2200193 a 450000100080000000500110000800800410001910000180006024500920007826000470017030000100021749000460022765000120027365300090028570000170029470000210031170000220033270000220035414981562024-09-27 2001 bl uuuu u0uu1 u #d1 aFRANKE, I. L. aAptidão natural para o cultivo da pupunha (Bactris gassipaes H.B.K) no estado do Acre. aRio Branco, AC: SECTMA: Embrapa Acrec2001 a12 p. a(Sectma. Informativo Técnico ZEE/AC, 8). aPupunha aAcre1 aBERGO, C. L.1 aAMARAL, E. F. do1 aARAÚJO, E. A. de1 aMELO, A. W. F. de